000 00634nam a22002177a 4500
005 20170124105935.0
010 _aA-520893
020 _c00.00
035 _aA-520893
037 _bCen Lib/Ret
040 _aDPL
_bEN
082 _a230.42
_bELE
100 _aElenjimittam, Anthony
_99553
245 _aMeditation for self realization /
_cby Anthony Elenjimittam
260 _aBombay
_bAquinas Publication
_c1990
270 _aMount Mreey Hill ,Bandra
_bBombay
_e50
300 _a216p. :
_c17cm(Hb)
_bill.
650 _aMeditation--Hinduism
_99554
650 _aTantrism.
_99555
942 _2ddc
_cEN
_h230.42
_mELE
999 _c124150
_d124150